00366nam a2200133 a 4500008004100000020001500041050001700056100001700073245005700090246003300147260002600180300001700206350000900223120416s0000 ||||||||||||||||| || u a0851571972 aZ 675.U5 Lib aCowley, John10aLibraries in higher educationcedited by John Cowley athe user approach to service aLondonbBingleyc1975 a163p. : ill. a0.00